Elementary physics for technical students / (Record no. 1442)

000 -LEADER
fixed length control field 00396nam a22001457a 4500
008 - FIXED-LENGTH DATA ELEMENTS--GENERAL INFORMATION
fixed length control field 200124b ||||| |||| 00| 0 eng d
041 0# - LANGUAGE CODE
Language code of text/sound track or separate title eng
082 00 - DEWEY DECIMAL CLASSIFICATION NUMBER
Classification number 530
Item number P8821
100 ## - MAIN ENTRY--PERSONAL NAME
9 (RLIN) 1058
Personal name Powell, L. S.
245 10 - TITLE STATEMENT
Title Elementary physics for technical students /
260 ## - PUBLICATION, DISTRIBUTION, ETC. (IMPRINT)
Place of publication, distribution, etc London :
Name of publisher, distributor, etc Sir Isaac Pitman & Sons ltd,
Date of publication, distribution, etc 1950.
300 ## - PHYSICAL DESCRIPTION
Extent viii,216p.
650 #0 - SUBJECT ADDED ENTRY--TOPICAL TERM
Topical term or geographic name as entry element Physics
942 ## - ADDED ENTRY ELEMENTS (KOHA)
Item type Books
Holdings
Withdrawn status Lost status Source of classification or shelving scheme Damaged status Not for loan Permanent location Current location Date acquired Source of acquisition Full call number Barcode Date last seen Koha item type
          IMU Kolkata IMU Kolkata 1953-01-19 A. H. Wheeler 530 P8821 01228 2020-01-24 Books
          IMU Kolkata IMU Kolkata 1953-01-19 A. H. Wheeler 530 P8821 01229 2020-01-24 Books
Designed and Maintained by IMU-KC Library, Kolkata Campus © Copyright All Rights Reserved

webs counters

Powered by Koha